|
|
|
|
| LEADER |
01024nam a22002412a 4500 |
| 001 |
000323248 |
| 003 |
CZ BrMZK |
| 005 |
20180515065149.0 |
| 007 |
ta |
| 008 |
010907s1964 xr f cze d |
| 040 |
|
|
|a BOA001
|b cze
|
| 100 |
1 |
|
|a Beneš, Vincenc,
|d 1883-1979
|7 jk01011641
|4 art
|
| 245 |
1 |
0 |
|a Národní umělec Vincenc Beneš :
|b k výstavě umělcova díla květen - září 1964 /
|c Vincenc Beneš
|
| 260 |
|
|
|a Žďár nad Sázavou :
|b Muzeum a galerie Žďárska,
|c 1964
|
| 300 |
|
|
|a 32 s.
|
| 490 |
1 |
|
|a Horácký umělecký salón 1964
|
| 830 |
|
0 |
|a Horácký umělecký salón 1964
|
| 910 |
|
|
|a BOA001
|b X-0622.832
|b PK-0043.736
|b X-0521.493
|
| 964 |
|
|
|a Beneš, Vincenc - život a dílo
|
| 990 |
|
|
|a BK
|
| 996 |
6 |
|
|b 2618924437
|c X-0622.832
|l MZK
|r Sklad / do 24 hodin
|n 0
|w 000323248
|u 000020
|a 1
|e BOA001
|j MZK50
|s P
|
| 996 |
7 |
|
|b 2618946488
|c X-0521.493
|l MZK
|r Sklad / do 24 hodin
|n 0
|w 000323248
|u 000030
|a 1
|e BOA001
|j MZK50
|s A
|
| 996 |
7 |
|
|b 3119928802
|c PK-0043.736
|l MZK
|r Sklad / do 1 hodiny
|n 2
|w 000323248
|u 000010
|a 1
|e BOA001
|j MZK50
|s A
|